Town planning in practice : (Record no. 352935)

000 -LEADER
fixed length control field 01523 a2200241 4500
003 - CONTROL NUMBER IDENTIFIER
control field OSt
005 - DATE AND TIME OF LATEST TRANSACTION
control field 20180116192351.0
008 - FIXED-LENGTH DATA ELEMENTS--GENERAL INFORMATION
fixed length control field 120601t xxu||||| |||| 00| 0 eng d
020 ## - INTERNATIONAL STANDARD BOOK NUMBER
International Standard Book Number 1147190933 (paperback)
020 ## - INTERNATIONAL STANDARD BOOK NUMBER
International Standard Book Number 9781147190939 (paperback)
040 ## - CATALOGING SOURCE
Transcribing agency 0
082 ## - DEWEY DECIMAL CLASSIFICATION NUMBER
Classification number 711.4
100 1# - MAIN ENTRY--PERSONAL NAME
Personal name Unwin, Raymond.
9 (RLIN) 3535
245 10 - TITLE STATEMENT
Title Town planning in practice :
Remainder of title an introduction to the art of designing cities and suburbs /
Statement of responsibility, etc. Raymond Unwin.
260 ## - PUBLICATION, DISTRIBUTION, ETC.
Place of publication, distribution, etc. London :
Name of publisher, distributor, etc. T. Fisher Unwin,
Date of publication, distribution, etc. 1909.
300 ## - PHYSICAL DESCRIPTION
Extent 415 p. ;
Dimensions 25 cm.
520 ## - SUMMARY, ETC.
Summary, etc. This is an EXACT reproduction of a book published before 1923. This IS NOT an OCR'd book with strange characters, introduced typographical errors, and jumbled words. This book may have occasional imperfections such as missing or blurred pages, poor pictures, errant marks, etc. that were either part of the original artifact, or were introduced by the scanning process. We believe this work is culturally important, and despite the imperfections, have elected to bring it back into print as part of our continuing commitment to the preservation of printed works worldwide. We appreciate your understanding of the imperfections in the preservation process, and hope you enjoy this valuable book.
650 10 - SUBJECT ADDED ENTRY--TOPICAL TERM
Topical term or geographic name entry element City planning
9 (RLIN) 3536
650 10 - SUBJECT ADDED ENTRY--TOPICAL TERM
Topical term or geographic name entry element City planning
General subdivision Methodology
9 (RLIN) 3537
856 40 - ELECTRONIC LOCATION AND ACCESS
Materials specified Amazon.com
Uniform Resource Identifier <a href="http://www.amazon.com/exec/obidos/ASIN/1147190933/chopaconline-20">http://www.amazon.com/exec/obidos/ASIN/1147190933/chopaconline-20</a>
942 ## - ADDED ENTRY ELEMENTS (KOHA)
Call number prefix 711.4 UNW 1909
Institution code [OBSOLETE] SADA
Koha item type Book
Source of classification or shelving scheme
952 ## - LOCATION AND ITEM INFORMATION (KOHA)
-- BOOK
Holdings
Withdrawn status Lost status Damaged status Not for loan Permanent Location Current Location Date acquired Total Checkouts Total Renewals Full call number Barcode Date last seen Date last checked out Price effective from Koha item type
        School of Art Design and Architecture (SADA) School of Art Design and Architecture (SADA) 04/20/2011 1 3 711.4 UNW 1909 SADA0001024 11/27/2013 09/30/2013 08/05/2011 Book
© 2023 Central Library, National University of Sciences and Technology. All Rights Reserved.